Bekannte Antike Schlachten - Statistiken

Allgemein
  • Dieses Quiz wurde 86 mal gespielt
  • Das Durchschnittsergebnis liegt bei 4 aus 10
Antwortstatistiken
Hint Antwort % Korrekt
Die Athener besiegten die Perser während der Perserkriege in Griechenland Schlacht bei Marathon
81%
Die germanischen Stämme besiegen die römischen Legionen Schlacht im Teutoburger Wald
68%
Die griechische Flotte unter der Führung von Themistokles besiegte die persische Flotte im Zweiten Persischen Krieg Schlacht bei Salamis
55%
Die Karthager unter der Führung von Hannibal besiegen die Römer im Zweiten Punischen Krieg Schlacht bei Cannae
52%
300 Schlacht bei Thermopylen
52%
Alexander der Große besiegte das persische Reich unter der Führung von Dareios III Schlacht bei Gaugamela
41%
Octavian besiegte Marcus Antonius und Kleopatra, was zur Gründung des römischen Kaiserreiches führte Schlacht bei Actium
36%
Die römische Armee besiegte die Karthager im Zweiten Punischen Krieg Schlacht bei Zama
35%
Die Westgoten besiegen das Römische Reich Schlacht bei Adrianopel
16%
Philipp II. besiegt griechische Stadtstaaten und baut die Vorherrschaft Makedoniens aus Schlacht bei Chaeronea
0%
Keine übereinstimmenden Quizze gefunden
Verteilung der Resultate
Anzahl Personen mit jedem Resultat
Perzentil nach korrekt beantworteten Fragen
Ihre Resultats-Entwicklung
Sie haben dieses Quiz noch nicht gespielt